Statistiques concernant Pays les plus proches du Japon par deux premières lettres

Cliquez ici pour prendre le quiz!

Statistiques générales

  • Ce quiz a été pris 186 fois
  • Le résultat moyen est 14 sur 20

Statistiques - réponses

kmpays% Correct
331Chine
97%
420Corée du Nord
96%
50Corée du Sud
96%
2578Inde
93%
2192Indonésie
93%
43Russie
92%
107Taïwan
82%
1558Viêt Nam
81%
568Philippines
78%
1864Laos
77%
2041Thaïlande
74%
1943Cambodge
72%
1984Malaisie
70%
1640Mongolie
70%
2251Birmanie
55%
2195Etats-Unis
46%
2128Palaos
41%
3073Bangladesh
34%
2309Brunei
28%
2136Micronésie
26%

Distribution des résultats

Percentile par nombre de réponses

% des personnes avec chaque résultat

Votre développement - résultats

Vous n’avez pas pris ce quiz